Movies Quiz

Random Movies or Disney Quiz

Disney Voice Match Quiz Stats

 Plays Quiz not verified by Sporcle

Also try: Pixar Voices
Challenge
Share
Tweet
Score 0/23 Timer 04:00
1 Play Today
% Correct
Maleficent
71.9%
Baloo
70%
Abominable Snowman
69.4%
Wendy
67.7%
Ariel
65.3%
Duchess
62.1%
Pacha
61.8%
Winnie the Pooh
60%
Cogsworth
54.2%
White Rabbit
53.9%
Flora
53.5%
Genie
52.2%
% Correct
Abby Mallard
50.5%
Lady
47.9%
Big Bad Pete
43.8%
Prince John
43.2%
Sally Carrera
42.5%
Chick Hicks
42.3%
Banzai
39.7%
Shenzi
39.1%
Napoleon
37.9%
Mr. Ray
36.3%
Sir Ector
35.3%

You're not logged in!

Compare scores with friends on all Sporcle quizzes.
OR
Log In

You Might Also Like...

Show Comments

Extras

Top Quizzes Today


Score Distribution

Your Account Isn't Verified!

In order to create a playlist on Sporcle, you need to verify the email address you used during registration. Go to your Sporcle Settings to finish the process.

Report this User

Report this user for behavior that violates our Community Guidelines.

Details: